000 00725nam a2200229 i 4500
001 115076
003 ES-MaACL
005 20250918175804.0
007 t|
008 070221s1907 sp ||||1| spa d
080 _a821.134.2-32"18"
100 1 _aFernández Villegas, Francisco.
_950164
245 1 0 _aConfesión
_b: novela /
_cpor Francisco F. Villegas (Zeda) ; ilustraciones de Pedrero.
260 _aMadrid :
_bEl Cuento Semanal,
_c1907.
300 _a20 p. :
_bil. col. y n. ;
_c26 cm.
490 1 _aEl cuento semanal ;
_v36
500 _aSin cubierta.
700 1 _aPedrero, Mariano,
_d1865-1927
_989908
830 0 3 _aEl cuento semanal
_v36
_9185957
852 _aES-MaACL
_jG-4440(10)
999 _c115076
_d115076